An account of the Empire of Morocco, (Record no. 191493)
[ view plain ]
| 000 -LEADER | |
|---|---|
| fixed length control field | 01159cam1a220027701 4500 |
| 001 - CONTROL NUMBER | |
| control field | lce00672269 |
| 008 - FIXED-LENGTH DATA ELEMENTS--GENERAL INFORMATION | |
| fixed length control field | 710419r19681814enkabf 000 0 eng |
| 010 ## - LIBRARY OF CONGRESS CONTROL NUMBER | |
| LC control number | 68097652 |
| 015 ## - NATIONAL BIBLIOGRAPHY NUMBER | |
| National bibliography number | B68-08006 |
| 020 ## - INTERNATIONAL STANDARD BOOK NUMBER | |
| Terms of availability | L.6/6/- |
| 035 ## - SYSTEM CONTROL NUMBER | |
| System control number | (Sirsi) r89283 |
| 035 ## - SYSTEM CONTROL NUMBER | |
| System control number | (DLC) 68097652 |
| 035 ## - SYSTEM CONTROL NUMBER | |
| System control number | (UPRA)lce00672269 |
| 043 ## - GEOGRAPHIC AREA CODE | |
| Geographic area code | f-mr--- |
| 050 0# - LIBRARY OF CONGRESS CALL NUMBER | |
| Classification number | DT305 |
| Item number | .J13 1968 |
| 082 ## - DEWEY DECIMAL CLASSIFICATION NUMBER | |
| Classification number | 916.4 |
| 100 1# - MAIN ENTRY--PERSONAL NAME | |
| Personal name | Jackson, James Grey. |
| Linkage | A48842.1 |
| 245 13 - TITLE STATEMENT | |
| Title | An account of the Empire of Morocco, |
| Remainder of title | and the districts of Suse and Tafilelt compiled from miscellaneous observations made during a long residence in, and various journeys through, these countries; to which is added an account of shipwrecks on the western coast of Africa, and an interesting account of Timbuctoo, the great emporium of Central Africa. |
| 250 ## - EDITION STATEMENT | |
| Edition statement | 3d ed., new impression. |
| 260 ## - PUBLICATION, DISTRIBUTION, ETC. | |
| Place of publication, distribution, etc. | London, |
| Name of publisher, distributor, etc. | Cass, |
| Date of publication, distribution, etc. | 1968. |
| 440 #0 - SERIES STATEMENT/ADDED ENTRY--TITLE | |
| Title | Cass library of African studies. Travels and narrati30136ves ; |
| Volume/sequential designation | n |
| Linkage | S7998.1 |
| 500 ## - GENERAL NOTE | |
| General note | Third ed., originally published, London, T. Cadell & W. Davies, |
| 651 81 - SUBJECT ADDED ENTRY--GEOGRAPHIC NAME | |
| Geographic name | Mor |
| Linkage | S37547.1 |
| 949 cc - LOCAL PROCESSING INFORMATION (OCLC) | |
| a | DT305 |
| w | lcc |
| i | -125172 |
| m | MAIN |
| t | BOOK |
| l | ON-SHELF |
No items available.